000 00360nam a2200121 4500
008 180212b xxu||||| |||| 00| 0 eng d
100 _926342
_aAtty. Espina, Rene
245 _aExtend martial law in Mindanao/
_cAtty. Rene Espina
260 _aPhilippines
_bManila Bulletin
_cc2017
300 _apage 12.
650 0 _926343
_aCapital punishment.
942 _2ddc
_cPER
999 _c8547
_d8547